[Event "Benidorm op U2000 18th"]
[Site "Benidorm"]
[Date "2019.12.07"]
[Round "10"]
[White "Martinez Peiro, Gabriel"]
[Black "Roviralta Montero, Axel"]
[Result "1-0"]
[WhiteElo "1963"]
[BlackElo "1768"]
[PlyCount "67"]
[EventDate "2019.11.29"]
[EventType "swiss"]
[EventRounds "10"]
[EventCountry "ESP"]
[SourceTitle "EXT 2022"]
[Source "ChessBase"]
[SourceDate "2021.10.06"]
[SourceVersion "1"]
[SourceVersionDate "2021.10.06"]
[SourceQuality "1"]

1. d4 e6 2. c4 Nf6 3. Nc3 Bb4 4. Qc2 b6 5. a3 Be7 6. e4 d6 7. Nf3 Bb7 8. Be2 a5 9. 0-0 Nbd7 10. h3 e5 11. Be3 0-0 12. Rfd1 exd4 13. Nxd4 Re8 14. Nf5 Bf8 15. Ng3 g6 16. Rac1 Bg7 17. Nd5 h5 18. Bg5 Qb8 19. b3 Re6 20. f4 Nh7 21. Bh4 c6 22. f5 gxf5 23. Ne7+ Kf8 24. Nexf5 Be5 25. Nxh5 Nc5 26. Bf3 a4 27. b4 Nb3 28. Rb1 c5 29. b5 Qe8 30. Kh1 Bd4 31. Re1 Qd7 32. Nf4 Re5 33. Bg4 Ba1 34. Rbd1 1-0

[Event "Paz de Ziganda op 28th"]
[Site "Villava"]
[Date "2018.03.17"]
[Round "1"]
[White "Roviralta Montero, Axel"]
[Black "Ibarra Jerez, Jose Carlos"]
[Result "0-1"]
[WhiteElo "1786"]
[BlackElo "2569"]
[PlyCount "48"]
[EventDate "2018.03.17"]
[EventType "swiss (rapid)"]
[EventRounds "9"]
[EventCountry "ESP"]
[SourceTitle "CBM 183 Extra"]
[Source "ChessBase"]
[SourceDate "2018.04.19"]
[SourceVersion "1"]
[SourceVersionDate "2018.04.19"]
[SourceQuality "1"]

1. e4 c5 2. Nf3 d6 3. d4 Nf6 4. Nc3 cxd4 5. Nxd4 a6 6. Be3 Ng4 7. Bg5 h6 8. Bh4 g5 9. Bg3 Bg7 10. h3 Ne5 11. Qd2 Nbc6 12. Nf5 Bxf5 13. exf5 Nd4 14. Bd3 Nef3+ 15. gxf3 Nxf3+ 16. Ke2 Nxd2 17. Kxd2 Qa5 18. Rae1 Kd7 19. Re3 Rac8 20. Rhe1 Rhe8 21. Kd1 Bxc3 22. bxc3 Rxc3 23. f4 Rxd3+ 24. cxd3 gxf4 0-1

[Event "Navarra-ch"]
[Site "Pamplona"]
[Date "2017.04.29"]
[Round "5"]
[White "Zaratiegui Cardesa, Jose"]
[Black "Roviralta Montero, Axel"]
[Result "1-0"]
[WhiteElo "1694"]
[BlackElo "1888"]
[PlyCount "51"]
[EventDate "2017.03.11"]
[EventType "swiss"]
[EventRounds "7"]
[EventCountry "ESP"]
[SourceTitle "EXT 2018"]
[Source "ChessBase"]
[SourceDate "2017.10.13"]
[SourceVersion "1"]
[SourceVersionDate "2017.10.13"]
[SourceQuality "1"]

1. c4 g6 2. Nc3 f5 3. g3 Bg7 4. Bg2 Nf6 5. Nf3 0-0 6. 0-0 Nc6 7. d4 e6 8. Bf4 Ne4 9. d5 Nxc3 10. bxc3 exd5 11. cxd5 Nb8 12. d6 c6 13. Ng5 Bf6 14. h4 Na6 15. e4 fxe4 16. Nxe4 b6 17. Bh6 Rf7 18. Re1 Bb7 19. Qb3 Rb8 20. Re2 Nc5 21. Nxc5 bxc5 22. Rae1 Ba6 23. Qxb8 Qxb8 24. Re8+ Rf8 25. Bxf8 Qxe8 26. Rxe8 1-0

[Event "Navarra-ch"]
[Site "Pamplona"]
[Date "2017.04.08"]
[Round "4"]
[White "Roviralta Montero, Axel"]
[Black "Blanco de la Rosa, Diego"]
[Result "0-1"]
[WhiteElo "1888"]
[BlackElo "1751"]
[PlyCount "78"]
[EventDate "2017.03.11"]
[EventType "swiss"]
[EventRounds "7"]
[EventCountry "ESP"]
[SourceTitle "EXT 2018"]
[Source "ChessBase"]
[SourceDate "2017.10.13"]
[SourceVersion "1"]
[SourceVersionDate "2017.10.13"]
[SourceQuality "1"]

1. Nf3 g6 2. d4 c5 3. e4 Bg7 4. Bc4 Nc6 5. d5 Nd4 6. Nbd2 d6 7. c3 Nxf3+ 8. Qxf3 Nf6 9. Bb5+ Nd7 10. 0-0 0-0 11. Qg3 a6 12. Bd3 Ne5 13. f4 Nxd3 14. Qxd3 f5 15. Re1 Qc7 16. Nf3 fxe4 17. Qxe4 Bf6 18. h3 Bf5 19. Qe2 h5 20. Nh2 Bh4 21. g4 hxg4 22. hxg4 Bxe1 23. gxf5 Bh4 24. Qe6+ Kh8 25. Ng4 Qc8 26. Nh6 Qxe6 27. fxe6 Rf6 28. Kg2 Kh7 29. Nf7 Rf5 30. c4 b5 31. b3 bxc4 32. bxc4 Rb8 33. Be3 Rb2+ 34. Kf3 Bf6 35. Rh1+ Rh5 36. Rxh5+ gxh5 37. Nxd6 exd6 38. Bxc5 dxc5 39. d6 Rb6 0-1

[Event "Navarra-ch"]
[Site "Pamplona"]
[Date "2017.03.25"]
[Round "2"]
[White "Roviralta Montero, Axel"]
[Black "Urriza Iricibar, Pablo"]
[Result "0-1"]
[WhiteElo "1888"]
[BlackElo "2174"]
[PlyCount "108"]
[EventDate "2017.03.11"]
[EventType "swiss"]
[EventRounds "7"]
[EventCountry "ESP"]
[SourceTitle "EXT 2018"]
[Source "ChessBase"]
[SourceDate "2017.10.13"]
[SourceVersion "1"]
[SourceVersionDate "2017.10.13"]
[SourceQuality "1"]

1. e4 c5 2. Nf3 e6 3. c3 d5 4. e5 Nc6 5. d4 Qb6 6. Be2 Nh6 7. Na3 cxd4 8. cxd4 Nf5 9. Nc2 Be7 10. g4 Nh4 11. Nxh4 Bxh4 12. 0-0 0-0 13. g5 Qd8 14. f4 f6 15. Bd3 fxg5 16. Qh5 g6 17. Bxg6 Qe7 18. Bd3 gxf4 19. Rxf4 Rxf4 20. Bxf4 Bd7 21. Kh1 Kh8 22. Bh6 Rg8 23. Rg1 Be8 24. Rxg8+ Kxg8 25. Qg4+ Kh8 26. Kg2 Bg6 27. Bxg6 hxg6 28. Kh3 g5 29. Qh5 Qh7 30. Qe8+ Qg8 31. Qxg8+ Kxg8 32. Kg4 Bf2 33. Bxg5 Bxd4 34. Nxd4 Nxd4 35. Be3 Nc6 36. Bf4 Nb4 37. Kg5 Kf7 38. h4 Nd3 39. b3 a6 40. Bg3 Nc5 41. h5 Ne4+ 42. Kf4 Kg7 43. Bh4 Kh6 44. Kg4 d4 45. Be7 d3 46. Bf8+ Kh7 47. Kf3 d2 48. Ke2 a5 49. a4 b6 50. Bd6 Kh6 51. Bc7 Nc5 52. Bxb6 Nxb3 53. Be3+ Kxh5 54. Bxd2 Nxd2 0-1

[Event "Navarra-ch"]
[Site "Pamplona"]
[Date "2016.04.09"]
[Round "4"]
[White "Ortega Villa, Alex"]
[Black "Roviralta Montero, Axel"]
[Result "0-1"]
[WhiteElo "1639"]
[BlackElo "1952"]
[PlyCount "112"]
[EventDate "2016.03.05"]
[EventType "swiss"]
[EventRounds "8"]
[EventCountry "ESP"]
[SourceTitle "EXT 2018"]
[Source "ChessBase"]
[SourceDate "2017.10.13"]
[SourceVersion "1"]
[SourceVersionDate "2017.10.13"]
[SourceQuality "1"]

1. e4 e6 2. d4 a6 3. c4 d5 4. cxd5 exd5 5. Bd3 dxe4 6. Bxe4 Nf6 7. Bf3 Bb4+ 8. Nc3 0-0 9. Nge2 Re8 10. 0-0 Nbd7 11. Qb3 c5 12. Bf4 cxd4 13. Qxb4 dxc3 14. Nxc3 Qb6 15. Qxb6 Nxb6 16. b3 Be6 17. Bxb7 Ra7 18. Bf3 Rc8 19. Rac1 Rd7 20. Rfd1 Rxd1+ 21. Rxd1 Kf8 22. Ne2 Rc2 23. Rd2 Rxd2 24. Bxd2 Nfd5 25. Nd4 Bd7 26. Kf1 Ke7 27. Ke2 Kd6 28. Kd3 Kc5 29. a3 Bc8 30. Be2 g6 31. g4 Nd7 32. f4 a5 33. a4 Nb4+ 34. Bxb4+ Kxb4 35. Kc2 Bb7 36. Bc4 Be4+ 37. Kb2 Nc5 38. f5 Nxa4+ 39. Kc1 f6 40. Bg8 Nc5 41. Kb2 g5 42. Bxh7 Bd5 43. Bg6 Nxb3 44. Nxb3 Bxb3 45. Bh5 a4 46. Ka1 Kc3 47. Kb1 a3 48. Be8 Kd2 49. Bc6 Ke3 50. Be8 Kf3 51. Bh5 Kg2 52. h3 Kxh3 53. Ka1 Bd1 54. Ka2 Bxg4 55. Bg6 Bf3 56. Kxa3 g4 0-1

[Event "Navarra-ch"]
[Site "Pamplona"]
[Date "2016.03.26"]
[Round "3"]
[White "Roviralta Montero, Axel"]
[Black "Fuertes Cirauqui, Pablo"]
[Result "1-0"]
[WhiteElo "1952"]
[BlackElo "1305"]
[PlyCount "37"]
[EventDate "2016.03.05"]
[EventType "swiss"]
[EventRounds "8"]
[EventCountry "ESP"]
[SourceTitle "EXT 2018"]
[Source "ChessBase"]
[SourceDate "2017.10.13"]
[SourceVersion "1"]
[SourceVersionDate "2017.10.13"]
[SourceQuality "1"]

1. e4 e6 2. d4 d5 3. e5 c5 4. c3 Nc6 5. Nf3 Bd7 6. a3 f6 7. exf6 Nxf6 8. Be3 cxd4 9. cxd4 Qc7 10. Nc3 0-0-0 11. Ng5 Re8 12. g3 Rg8 13. Rc1 h6 14. Nf3 Kb8 15. Bf4 Bd6 16. Nb5 Qa5+ 17. b4 Qd8 18. Bxd6+ Kc8 19. Nxa7# 1-0

[Event "Pamplona San Juan op 3rd"]
[Site "Pamplona"]
[Date "2009.07.27"]
[Round "1"]
[White "Roviralta Montero, Axel"]
[Black "Edouard, Romain"]
[Result "0-1"]
[WhiteElo "2011"]
[BlackElo "2597"]
[PlyCount "124"]
[EventDate "2009.07.27"]
[EventType "swiss"]
[EventRounds "9"]
[EventCountry "ESP"]
[SourceTitle "CBM 131 Extra"]
[Source "ChessBase"]
[SourceDate "2009.09.03"]
[SourceVersion "2"]
[SourceVersionDate "2009.09.16"]
[SourceQuality "1"]

1. e4 c5 2. Nf3 d6 3. d4 cxd4 4. Nxd4 Nf6 5. Nc3 a6 6. Bg5 Nc6 7. Qd2 e6 8. 0-0-0 Bd7 9. f3 Be7 10. h4 h6 11. Be3 h5 12. Kb1 Qc7 13. Be2 Rc8 14. Rc1 Ne5 15. Nd1 b5 16. Nf2 Qb7 17. Bg5 d5 18. exd5 Qxd5 19. Rhd1 Nc4 20. Bxc4 bxc4 21. Ne2 Qxd2 22. Rxd2 Bb4 23. c3 Bc5 24. Nd4 Nd5 25. Re2 f6 26. Bd2 Kf7 27. Ne4 e5 28. Nc2 Be7 29. Nb4 Nxb4 30. cxb4 Rhd8 31. Bc3 Bf5 32. Kc2 g6 33. Rd1 Bd7 34. Red2 Ba4+ 35. b3 cxb3+ 36. axb3 Rxd2+ 37. Rxd2 Bc6 38. Nd6+ Bxd6 39. Rxd6 Ke7 40. Rd1 Ke6 41. Kb2 Rg8 42. Bd2 Rd8 43. Kc2 e4 44. Re1 Kf5 45. Re3 exf3 46. gxf3 g5 47. Rc3 Bd5 48. Be1 g4 49. fxg4+ hxg4 50. b5 axb5 51. Rc5 Ke4 52. Rxb5 f5 53. Rc5 f4 54. Rc3 Rb8 55. Bf2 g3 56. Bc5 f3 57. Kd2 Ra8 58. Re3+ Kf5 59. Re1 Ra2+ 60. Ke3 f2 61. Rd1 Bg2 62. Bd6 Kg4 0-1

[Event "Pamplona op"]
[Site "Pamplona"]
[Date "2008.12.29"]
[Round "9"]
[White "Roviralta Montero, Axel"]
[Black "Munoz Arana, Miguel Angel"]
[Result "0-1"]
[WhiteElo "1995"]
[BlackElo "2100"]
[PlyCount "106"]
[EventDate "2008.12.22"]
[EventType "swiss"]
[EventRounds "9"]
[EventCountry "ESP"]
[SourceTitle "CBM 127 Extra"]
[Source "ChessBase"]
[SourceDate "2009.01.08"]
[SourceVersion "2"]
[SourceVersionDate "2009.01.28"]
[SourceQuality "1"]

1. e4 c5 2. Nf3 g6 3. d4 Bg7 4. Nc3 cxd4 5. Nxd4 Nc6 6. Be3 Nf6 7. Bc4 Qa5 8. Qd2 Nxe4 9. Nxe4 Qxd2+ 10. Nxd2 Bxd4 11. Bxd4 Nxd4 12. 0-0-0 d6 13. Rhe1 Be6 14. Re4 Bxc4 15. Nxc4 Ne6 16. Na5 Rb8 17. Rb4 Nd8 18. Re4 b6 19. Nc4 Ne6 20. f4 h5 21. Ne3 Nc5 22. Rc4 b5 23. Rc3 a5 24. Nd5 e6 25. Re3 Kf8 26. Nc3 d5 27. h3 Kg7 28. g4 hxg4 29. hxg4 Rh4 30. Rg3 b4 31. Ne2 Rh2 32. Nd4 Ne4 33. Re3 Rc8 34. f5 e5 35. Ne2 Rc5 36. Rf1 f6 37. Kd1 Nf2+ 38. Kd2 g5 39. Rg1 d4 40. Rb3 Nh3 41. Re1 Nf4 42. a3 bxa3 43. Rb7+ Kf8 44. bxa3 Rxe2+ 45. Rxe2 Nxe2 46. Kxe2 Rxc2+ 47. Kd3 Rc3+ 48. Ke4 d3 49. Rd7 Rxa3 50. Kd5 Rb3 51. Ke6 Rb6+ 52. Kd5 Ke8 53. Rh7 d2 0-1

[Event "Pamplona op"]
[Site "Pamplona"]
[Date "2008.12.26"]
[Round "6"]
[White "Ros Octavio de Toledo, Eduardo"]
[Black "Roviralta Montero, Axel"]
[Result "1/2-1/2"]
[WhiteElo "2198"]
[BlackElo "1995"]
[PlyCount "76"]
[EventDate "2008.12.22"]
[EventType "swiss"]
[EventRounds "9"]
[EventCountry "ESP"]
[SourceTitle "CBM 127 Extra"]
[Source "ChessBase"]
[SourceDate "2009.01.08"]
[SourceVersion "2"]
[SourceVersionDate "2009.01.28"]
[SourceQuality "1"]

1. Nf3 Nf6 2. c4 e6 3. Nc3 Be7 4. e4 d6 5. d4 0-0 6. Bd3 Nbd7 7. e5 Ne8 8. h4 c5 9. Bxh7+ Kxh7 10. Ng5+ Kg8 11. Qh5 Nef6 12. exf6 Nxf6 13. Qd1 d5 14. cxd5 exd5 15. 0-0 Bf5 16. Bf4 Bd6 17. Qd2 Qc7 18. Bxd6 Qxd6 19. dxc5 Qxc5 20. Rac1 Rac8 21. Qf4 Bg6 22. Rfd1 Qc7 23. Qd4 Qc4 24. Rd2 Qxd4 25. Rxd4 Rc4 26. Rcd1 Rxd4 27. Rxd4 Rd8 28. Nh3 Bf5 29. Nf4 Be6 30. f3 Kf8 31. g4 g6 32. Kf2 Ne8 33. Ke3 Nc7 34. h5 gxh5 35. Nxh5 Ke7 36. Nf4 Kd6 37. Rd2 Ke5 38. Nfe2 Rh8 1/2-1/2

[Event "Pamplona op"]
[Site "Pamplona"]
[Date "2008.12.24"]
[Round "4"]
[White "Garcia Paolicchi, Raul"]
[Black "Roviralta Montero, Axel"]
[Result "1-0"]
[WhiteElo "2257"]
[BlackElo "1995"]
[PlyCount "105"]
[EventDate "2008.12.22"]
[EventType "swiss"]
[EventRounds "9"]
[EventCountry "ESP"]
[SourceTitle "CBM 127 Extra"]
[Source "ChessBase"]
[SourceDate "2009.01.08"]
[SourceVersion "2"]
[SourceVersionDate "2009.01.28"]
[SourceQuality "1"]

1. d4 Nf6 2. Nf3 e6 3. c4 b6 4. e3 Be7 5. Bd3 Bb7 6. 0-0 0-0 7. b3 d6 8. Nc3 Nbd7 9. Bb2 Rc8 10. Rc1 c5 11. Bb1 Qc7 12. d5 e5 13. Ne1 Rce8 14. Qc2 g6 15. Nd3 Bc8 16. Rce1 Nh5 17. e4 f5 18. exf5 gxf5 19. Qd1 Ndf6 20. f4 e4 21. Nb5 Qd8 22. Ne5 a6 23. Nc6 Qd7 24. Nc3 Bb7 25. Nxe7+ Rxe7 26. Re3 Rg7 27. Rh3 Qf7 28. Qe2 Rg4 29. g3 Qg6 30. Qe3 Qf7 31. Nd1 Re8 32. Qc3 Qg7 33. Kh1 Bc8 34. Ne3 Rg6 35. Bc2 Qe7 36. Bd1 Ng7 37. Re1 Bd7 38. Rh4 h5 39. Be2 b5 40. Qd2 b4 41. Kg2 a5 42. Bxf6 Qxf6 43. Bxh5 Nxh5 44. Rxh5 a4 45. h4 axb3 46. axb3 Ra8 47. Rg5 Kf7 48. Qe2 Qc3 49. Nxf5 Bxf5 50. Rxf5+ Kg7 51. Rg5 Rxg5 52. hxg5 Ra3 53. Qxe4 1-0

[Event "San Juan op"]
[Site "San Juan"]
[Date "2008.06.25"]
[Round "6"]
[White "Roviralta Montero, Axel"]
[Black "Sanchez, Joseph"]
[Result "0-1"]
[WhiteElo "2027"]
[BlackElo "2507"]
[PlyCount "100"]
[EventDate "2008.06.21"]
[EventType "swiss"]
[EventRounds "9"]
[EventCountry "ESP"]
[SourceTitle "CBM 125 Extra"]
[Source "ChessBase"]
[SourceDate "2008.09.01"]
[SourceVersion "1"]
[SourceVersionDate "2008.09.01"]
[SourceQuality "1"]

1. e4 c5 2. Nf3 Nc6 3. d4 cxd4 4. Nxd4 Nf6 5. Nc3 e5 6. Ndb5 d6 7. Bg5 a6 8. Na3 b5 9. Nd5 Be7 10. Bxf6 Bxf6 11. c3 0-0 12. Qf3 Bg5 13. h4 Bh6 14. Bd3 Rb8 15. g4 Bf4 16. Nc2 Be6 17. Nxf4 exf4 18. Qxf4 Ne5 19. Be2 Bxg4 20. Ne3 Be6 21. Rd1 b4 22. Qg5 Qc7 23. f4 f6 24. Qg3 bxc3 25. 0-0 Nc4 26. bxc3 Nxe3 27. Qxe3 Bxa2 28. Bxa6 Bf7 29. Rd2 Rfe8 30. Qd4 Rb3 31. Rf3 Qc6 32. Bf1 Rxe4 33. Qxd6 Rxc3 34. Qxc6 Rxc6 35. Rd8+ Re8 36. Rxe8+ Bxe8 37. Kf2 Bd7 38. Bd3 f5 39. Ke3 Kf7 40. Kd4 Be6 41. Rf1 Kf6 42. Rg1 Rd6+ 43. Ke3 Bd5 44. Re1 Be4 45. Bc4 Rb6 46. Kf2 Rb4 47. Bf1 Bd5 48. Kg3 Rb3+ 49. Kh2 Rf3 50. Rd1 Rxf4 0-1

[Event "Pamplona op"]
[Site "Pamplona"]
[Date "2007.12.23"]
[Round "2"]
[White "Llaneza Vega, Marcos"]
[Black "Roviralta Montero, Axel"]
[Result "1-0"]
[WhiteElo "2426"]
[BlackElo "2009"]
[PlyCount "61"]
[EventDate "2007.12.22"]
[EventType "swiss"]
[EventRounds "9"]
[EventCountry "ESP"]
[SourceTitle "CBM 121 Extra"]
[Source "ChessBase"]
[SourceDate "2008.01.10"]
[SourceVersion "1"]
[SourceVersionDate "2008.01.10"]
[SourceQuality "1"]

1. e4 e5 2. Nf3 d6 3. Bc4 Be7 4. 0-0 Nf6 5. Re1 0-0 6. h3 a6 7. c3 Nbd7 8. Bb3 b5 9. d4 Bb7 10. Bc2 Re8 11. Nbd2 Bf8 12. a4 c6 13. Nf1 Qc7 14. Ng3 d5 15. dxe5 Nxe5 16. Nxe5 Qxe5 17. f4 Qc7 18. e5 Nd7 19. Qg4 Bc8 20. axb5 cxb5 21. Qd1 Bb7 22. Be3 Rac8 23. Qg4 g6 24. Bd4 Bc5 25. Bf5 Rcd8 26. Kh1 Bxd4 27. cxd4 Kh8 28. Rec1 Bc6 29. Bxd7 Qxd7 30. Rxa6 Rc8 31. Rcxc6 1-0